Модель экономики замкнутого цикла как основа благополучия общества; Общество и непрерывное благополучие человека
| Parent link: | Общество и непрерывное благополучие человека.— 2014.— [С. 50-55] |
|---|---|
| Egile nagusia: | |
| Beste egile batzuk: | |
| Gaia: | Заглавие с экрана В настоящее время человечество оказывает существенное влияние на природу и экологию. Чтобы учитывать степень этого воздействия используется ряд показателей, в частности понятие «экологический след». В настоящее время, все больше предприятий в мире относятся с большим вниманием к их экологическому следу и, следовательно, склонны к использованию концепции экономики замкнутого цикла, которая во многом базируется на данном принципе. С целью распространения передовой практики предприятий, функционирующих в русле экономики замкнутого цикла, необходимо изучать опыт таких компаний и поощрять сотрудничество их с другими предприятиями, в том числе ради передачи нового опыта. |
| Hizkuntza: | errusiera |
| Argitaratua: |
2014
|
| Saila: | Информационные технологии в исследовании систем управления эмоциональным и экономическим благополучием |
| Gaiak: | |
| Sarrera elektronikoa: | http://earchive.tpu.ru/handle/11683/21290 http://www.lib.tpu.ru/fulltext/c/2014/C55/014.pdf |
| Formatua: | Baliabide elektronikoa Liburu kapitulua |
| KOHA link: | https://koha.lib.tpu.ru/cgi-bin/koha/opac-detail.pl?biblionumber=605328 |
MARC
| LEADER | 00000naa2a2200000 4500 | ||
|---|---|---|---|
| 001 | 605328 | ||
| 005 | 20260226144233.0 | ||
| 035 | |a (RuTPU)RU\TPU\conf\2613 | ||
| 035 | |a RU\TPU\conf\2588 | ||
| 090 | |a 605328 | ||
| 100 | |a 20140409d2014 k y0rusy50 ca | ||
| 101 | 0 | |a rus | |
| 102 | |a RU | ||
| 135 | |a drcn ---uucaa | ||
| 181 | 0 | |a i | |
| 182 | 0 | |a b | |
| 200 | 1 | |a Модель экономики замкнутого цикла как основа благополучия общества |f Б. Калиужный, И. Г. Шелудякова | |
| 203 | |a Текст |c электронный | ||
| 215 | |a 1 файл(342 Кб) | ||
| 225 | 1 | |a Информационные технологии в исследовании систем управления эмоциональным и экономическим благополучием | |
| 300 | |a Заглавие с экрана | ||
| 320 | |a [Библиогр.: с. 55 (7 назв.)] | ||
| 330 | |a В настоящее время человечество оказывает существенное влияние на природу и экологию. Чтобы учитывать степень этого воздействия используется ряд показателей, в частности понятие «экологический след». В настоящее время, все больше предприятий в мире относятся с большим вниманием к их экологическому следу и, следовательно, склонны к использованию концепции экономики замкнутого цикла, которая во многом базируется на данном принципе. С целью распространения передовой практики предприятий, функционирующих в русле экономики замкнутого цикла, необходимо изучать опыт таких компаний и поощрять сотрудничество их с другими предприятиями, в том числе ради передачи нового опыта. | ||
| 337 | |a Adobe Reader | ||
| 463 | 1 | |0 (RuTPU)RU\TPU\conf\2055 |t Общество и непрерывное благополучие человека |o сборник научных трудов Международного научного симпозиума студентов и молодых ученых, г. Томск, 27-30 марта 2014 г. |f Национальный исследовательский Томский политехнический университет (ТПУ) ; под ред. Г. А. Барышевой и др. |v [С. 50-55] |d 2014 | |
| 610 | 1 | |a электронный ресурс | |
| 610 | 1 | |a труды учёных ТПУ | |
| 610 | 1 | |a модельное описание | |
| 610 | 1 | |a экономика | |
| 610 | 1 | |a благополучие | |
| 610 | 1 | |a общество | |
| 700 | 1 | |a Калиужный |b Б. | |
| 701 | 1 | |a Шелудякова |b И. Г. |c экономист |c старший преподаватель Томского политехнического университета |f 1974- |g Ирина Геннадьевна |3 (RuTPU)RU\TPU\pers\32382 | |
| 801 | 1 | |a RU |b 63413507 |c 20101016 | |
| 801 | 2 | |a RU |b 63413507 |c 20220407 |g RCR | |
| 856 | 4 | |u http://earchive.tpu.ru/handle/11683/21290 | |
| 856 | 4 | |u http://www.lib.tpu.ru/fulltext/c/2014/C55/014.pdf | |
| 942 | |c CF | ||